000 00382nam a2200157Ia 4500
008 260407s2025 xx 000 0 und d
041 _aeng
082 _a954.02/PAT
_b12265
100 _aV.B. PATIL
245 _aPRACHIN V MADHYAYUGIN BARATCHA EITAS
250 _a20TH
260 _aPUNE
_bK.SAGAR PUB HOUSE
_c2025
300 _a240p
650 _aGENERAL
650 _aGENERAL
999 _c1219757
_d1219757